Belize : 2021 Article IV Consultation-Press Release; Staff Report; and Statement by the Executive Director for Belize.

Belize has been hit hard by the COVID-19 pandemic, which led to a deep recession and worsened fiscal and external positions from already weak levels. The opposition People's United Party won the November 2020 elections by a wide margin, which gives the new government a unique opportunity to jum...

Descripción completa

Detalles Bibliográficos
Autor Corporativo: International Monetary Fund. Western Hemisphere Dept
Formato: Revista
Lenguaje:English
Publicado: Washington, D.C. : International Monetary Fund, 2021.
Colección:IMF Staff Country Reports; Country Report ; No. 2021/103
Materias:
Acceso en línea:Full text available on IMF
LEADER 01714cas a2200301 a 4500
001 AALejournalIMF021613
008 230101c9999 xx r poo 0 0eng d
020 |c 5.00 USD 
020 |z 9781513573113 
022 |a 1934-7685 
040 |a BD-DhAAL  |c BD-DhAAL 
110 2 |a International Monetary Fund.  |b Western Hemisphere Dept. 
245 1 0 |a Belize :   |b 2021 Article IV Consultation-Press Release; Staff Report; and Statement by the Executive Director for Belize. 
264 1 |a Washington, D.C. :  |b International Monetary Fund,  |c 2021. 
300 |a 1 online resource (57 pages) 
490 1 |a IMF Staff Country Reports 
500 |a <strong>Off-Campus Access:</strong> No User ID or Password Required 
500 |a <strong>On-Campus Access:</strong> No User ID or Password Required 
506 |a Electronic access restricted to authorized BRAC University faculty, staff and students 
520 3 |a Belize has been hit hard by the COVID-19 pandemic, which led to a deep recession and worsened fiscal and external positions from already weak levels. The opposition People's United Party won the November 2020 elections by a wide margin, which gives the new government a unique opportunity to jump start much needed reforms to reduce large imbalances and anchor strong and inclusive growth. 
538 |a Mode of access: Internet 
650 7 |a International Agreements  |2 imf 
650 7 |a International Organizations  |2 imf 
650 7 |a Monetary Policy  |2 imf 
650 7 |a Observance  |2 imf 
651 7 |a Belize  |2 imf 
830 0 |a IMF Staff Country Reports; Country Report ;  |v No. 2021/103 
856 4 0 |z Full text available on IMF  |u http://elibrary.imf.org/view/journals/002/2021/103/002.2021.issue-103-en.xml  |z IMF e-Library